000 00294nam a22001337a 4500
008 170502b xxu||||| |||| 00| 0 eng d
020 _a9780840388469
041 _aeng
080 _a342
100 _a13
101 _aSHJ
245 _aEDUCATION FOR DEMOCRACY
_cBARBER.B.R
942 _2udc
_cBK
999 _c12379
_d12379